| 000 | 01812nam a2200361 a 4500 | ||
|---|---|---|---|
| 001 | ebr10500233 | ||
| 003 | CaPaEBR | ||
| 006 | m u | ||
| 007 | cr cn||||||||| | ||
| 008 | 110818s2011 xnaa sb 001 0 eng d | ||
| 010 | _z 2011486509 | ||
| 020 | _z9781921507427 | ||
| 020 | _z9781921507434 (e-book) | ||
| 040 |
_aCaPaEBR _cCaPaEBR |
||
| 035 | _a(OCoLC)722441464 | ||
| 043 | _au-at--- | ||
| 050 | 1 | 4 |
_aJC599.A8 _bH86 2011eb |
| 082 | 0 | 4 |
_a323.0944 _a323.40994 _222 |
| 245 | 0 | 0 |
_aHuman rights and civil liberties _h[electronic resource] / _cedited by Justin Healey. |
| 260 |
_aThirroul, N.S.W. : _bSpinney Press, _cc2011. |
||
| 300 |
_a60 p. : _bcol. ill. |
||
| 490 | 1 |
_aIssues in society ; _vv. 325 |
|
| 504 | _aIncludes bibliographical references and index. | ||
| 520 | _aProtecting and promoting human rights requires balancing the interests of individuals and groups with the interests of society including security, public health and public order. This book examines Australia's human rights record and a range of options in the debate over adequate and appropriate human rights protection. This book presents the topic in three chapters: Human rights in Australia; Arguments for a bill of rights; and Arguments against a bill of rights. | ||
| 533 |
_aElectronic reproduction. _bPalo Alto, Calif. : _cebrary, _d2011. _nAvailable via World Wide Web. _nAccess may be limited to ebrary affiliated libraries. |
||
| 650 | 0 |
_aHuman rights _zAustralia. |
|
| 650 | 0 |
_aCivil rights _zAustralia. |
|
| 655 | 7 |
_aElectronic books. _2local |
|
| 700 | 1 | _aHealey, Justin. | |
| 710 | 2 | _aebrary, Inc. | |
| 830 | 0 |
_aIssues in society (Balmain, N.S.W.) ; _vv. 325. |
|
| 856 | 4 | 0 |
_uhttp://site.ebrary.com/lib/rucke/Doc?id=10500233 _zAn electronic book accessible through the World Wide Web; click to view |
| 999 |
_c131283 _d131283 |
||